| 000 | 00697nam a2200229Ia 4500 | ||
|---|---|---|---|
| 003 | OSt | ||
| 005 | 20220927105559.0 | ||
| 006 | a|||||r|||| 00| 0 | ||
| 007 | ta | ||
| 008 | 220926b |||||||| |||| 00| 0 eng d | ||
| 024 | _a187261 | ||
| 037 | _cReference Collections | ||
| 040 |
_aRTL _cRTL _beng |
||
| 041 |
_2eng _aeng |
||
| 082 | _a"X.2.N72n, L2.19-3" | ||
| 100 |
_a"LAKDAWALA D.T. and others, Ed" _9373535 |
||
| 245 | 0 | _aIndian economic journal | |
| 260 |
_aBombay _bUniversity of Bombay _c1972 |
||
| 300 |
_a482 p. _ccm. |
||
| 942 |
_h"X.2.N72n, L2.19-3" _cCC |
||
| 999 |
_c693259 _d693259 |
||